000 00638nam a2200193 i 4500
001 90453
003 ES-MaACL
005 20230906180438.0
007 t|
008 050120s1966 sp ||||1| spa d
110 0 0 _aEspaña.
_tLeyes, etc.
_9184149
245 1 0 _aLegislación turística española /
_c[recopilación efectuada bajo la dirección de José Fernández Alvarez].
260 _a[Madrid :
_bSubsecretaria de Turismo,
_c1966]
300 _a1 t. en 2 v. ;
_c23 cm.
500 _aEl vol. II, con 21 h. sueltas.
700 1 _aFernández Alvarez, José.
_949456
852 _aES-MaACL
_jC-47939-40
_bR.67337
999 _c90453
_d90453